Highest-Scoring Jetpunk Quiz #14 in 15 Seconds - Statistics

General Stats
  • This quiz has been taken 19 times
  • The average score is 6 of 10
Answer Stats
area (km2) country % Correct
357,168 Germany
100%
3,960,000 Russia
100%
551,500 France
93%
505,992 Spain
86%
603,500 Ukraine
79%
312,685 Poland
50%
301,336 Italy
43%
338,145 Finland
36%
450,295 Sweden
36%
385,203 Norway
21%
No matching quizzes found
Score Distribution
Percent of People with Each Score
Percentile by Number Answered
Your Score History
You have not taken this quiz